00961nam a2200205 a 450000100100000000500170001000800410002704000250006808200250009310000250011824501460014326000470028930000290033650000730036550400280043870000300046670000410049695202010053799900170073800004655620201002052946.0150825s1973 dr a 000 0 spa d aDO-SdBNPbspacBNPHU axxxxxxxxxbxxxxxxxxx1 aJames, Muriel97454410aNacidos para triunfar :banálisis transaccional con experimentos Gestalt /cMuriel James, Dorothy Jongeward ; prólogo Stephen B. Karpman. aBuenos Aires, Argentina, :b[s.n.],c1973. a270 p. :bil., ;c21 cm. aIncluye referencias bibliográficas y notas al pie de las páginas aBibliografía : p. 2711 aJongeward, Dorothy9745451 aB. Karpman, Stephen,epról.974546 0010718PDaPDbPDcHDd2015-08-25iLF1l0oxxxxxxxxx xxxxxxxxxp46556-10r2020-06-25w2020-06-25yLFPDzPerteneció a la biblioteca personal de Chiqui Vicioso / Fidelio Despradel.ZNo se presta c46045d46045